LEADER 00880nam a2200241 i 4500 001 991003353009707536 005 20230323100031.0 008 170403s1977 it 000 0 ita d 035 $ab14320988-39ule_inst 040 $aDip.to di Storia, Società e Studi sull'Uomo$bita 082 0 $a372.13 100 1 $aSacchetti, Ida$0384928 245 10$aPrima elementare /$cIda Sacchetti 264 4$aRoma :$bEditori Riuniti,$c1977 300 $a118 p. ;$c19 cm 490 0 $aPaideia ;$v62 650 4$aScuola elementare$xDidattica 907 $a.b14320988$b02-10-17$c03-04-17 912 $a991003353009707536 945 $aLE023$g1$i2023000170274$lle023$nDATRI/REV/2017$nFondo Angelo Semeraro DR n. 414 del 6/6/2016$og$pE8.00$q-$rn$so$t0$u0$v0$w0$x0$y.i15802450$z04-04-17 996 $aPrima elementare$93376265 997 $aUNISALENTO 998 $ale023$b03-04-17$cm$da$en$fita$git$h0$i0 LEADER 00830nam0-2200265 --450 001 9910841993203321 005 20240326112916.0 010 $a8773362395 100 $a20240326d1984----kmuy0itay5050 ba 101 0 $aita 102 $aIT 105 $a 001yy 200 1 $aHai vissuto prima di questa vita?$eun'inchiesta scientifica$euno studio sulla morte e testimonianze di vite passate$fL. Ron Hubbard 210 $aCopenaghen$cNew Era publications ApS$dc1984 215 $aVII, 306 p.$d24 cm. 610 0 $aPre-morte$aTestimonianze 676 $a306.9$v23$zita 700 1$aHubbard,$bL. Ron$031322 801 0$aIT$bUNINA$gREICAT$2UNIMARC 901 $aBK 912 $a9910841993203321 952 $aA MIC 324$b3000/2024$fFAGBC 959 $aFAGBC 996 $aHai vissuto prima di questa vita?$9858493 997 $aUNINA